Il caso Braibanti, ovvero Un processo di famiglia /

Gespeichert in:
Bibliographische Detailangaben
1. Verfasser: Finzi Ghisi, Virginia (Verfasst von)
Format: Buch
Sprache:Italienisch
Veröffentlicht: Milano : Feltrinelli, c1968,
Schriftenreihe:Battaglie politiche
Schlagworte:
Tags: Tag hinzufügen
Keine Tags, Fügen Sie das erste Tag hinzu!

MARC

LEADER 00000nam a22000007i 4500
001 IT\ICCU\LO1\0097797
003 ItRI
005 20260115232357.0
008 920902s1968 it |||||| ||||| |||||c
015 |2 IT  |a 691662 
040 |b ita  |c importazione bologna sebina 
041 7 |a ita  |2 ISO-639-2 
082 |a 345.07  |9 Diritto penale. Processi.  |2 19 
100 1 |a Finzi Ghisi, Virginia  |0 IT\ICCU\RAVV\035236  |4 aut 
245 1 3 |a Il caso Braibanti, ovvero Un processo di famiglia /  |c Virginia Finzi Ghisi. 
260 |a Milano :  |b Feltrinelli,  |c c1968,  |g (stampa 1969) 
300 |a 68 p. ;  |c 18 cm. 
650 7 |a Braibanti, Aldo  |x Processo  |2 scbi 
830 0 |a Battaglie politiche  |0 IT\ICCU\RAV\0178152 
942 |2 ddc  |c BK  |n 0 
952 |0 0  |1 0  |4 0  |6 DOC_345_009000000000000_FIN  |7 0  |9 25072  |a BO  |b BO  |d 2026-01-15  |i 20669  |l 0  |o DOC 345.009 FIN  |p BO20669  |r 2026-01-15 23:23:57  |w 2026-01-15  |x [Sebina 5] [1 v.]  |y BK  |z 1 v. 
999 |c 21306  |d 21306